| 000 | 00380nam a2200109Ia 4500 | ||
|---|---|---|---|
| 008 | 160909s9999 xx 000 0 und d | ||
| 100 | _aSharma, Ekta | ||
| 245 | _aHealthElixir home healthcare solutions business plan | ||
| 260 |
_bCalifornia State University, Long Beach _c2016 |
||
| 650 | _aMARKETING MANAGEMENT | ||
| 856 | _uhttp://pqdtopen.proquest.com/doc/1807643088.html?FMT=ABS | ||
| 999 |
_c304780 _d304780 |
||